Cantons and Districts of the Federation of Bosnia and Herzegovina - Statistics

General Stats
  • This quiz has been taken 307 times
  • The average score is 7 of 11
Answer Stats
Canton % Correct
Sarajevo Canton
90%
Brčko District
84%
Tuzla Canton
74%
Una-Sana Canton
66%
Canton 10
61%
Zenica-Doboj Canton
58%
Central Bosnia Canton
57%
Herzegovina-Neretva Canton
53%
West Herzegovina Canton
53%
Posavina Canton
52%
Bosnian-Podrinje Canton Goražde
36%
No matching quizzes found
Score Distribution
Percent of People with Each Score
Percentile by Number Answered
Your Score History
You have not taken this quiz